Представление документа в формате RUSMARC

ПолеНазваниеЗначение
  Тип записи a
  Библиографический уровень m
001 Контрольный номер ce207b2e254849689441fa09ced654c0
005 Дата корректировки 20140923113223.6
010 Индекс ISBN __
a ISBN 5-7709-0154-3
200 Заглавие и сведения об ответственности 1_
a Заглавие Справочник по кадровому делопроизводству
e Сведения, относящиеся к заглавию [С учетом нового Трудового кодекса РФ]
f Первые сведения об ответственности Санкина Лариса Владимировна
210 Выходные данные 1_
a Место издания М.
c Издательство МЦФЭР
d Дата издания 2002
215 Физическое описание __
a Объем 298 с.
225 Серия 2_
a Серия Библиотека журнала"Справочник кадровика"
610 Ключевые слова 0_
a Ключевые слова справочник
610 Ключевые слова 0_
a Ключевые слова кадры
610 Ключевые слова 0_
a Ключевые слова делопроизводство
610 Ключевые слова 0_
a Ключевые слова кадровая служба
610 Ключевые слова 0_
a Ключевые слова документы по учету кадров
610 Ключевые слова 0_
a Ключевые слова трудовая книжка
610 Ключевые слова 0_
a Ключевые слова штатное расписание
686 Индексы других классификаций __
a Классификационный индекс 65.050
2 Код системы rubbk
686 Индексы других классификаций __
a Классификационный индекс 65.050.9(2)286я2
2 Код системы rubbk
700 Автор _1
a Фамилия Санкина Лариса Владимировна
801 Источник записи _0
a Страна RU
b Организация РУК
c Дата составления 20030204
g Правила каталогизации PSBO
801 Источник записи _1
a Страна RU
b Организация РУК
c Дата составления 20030204
g Правила каталогизации PSBO
852 Данные о местонахождении __
i Авторский знак С18
j Шифр хранения ББК 65.050
901 Тип документа __
t Тип документа m
938 Служебная информация __
a Название организации Головной вуз
b Имя БД BOOK
c Название АИБС АИБС ИРБИС